Statistics for Allies of Russia

Click here to take the quiz!

General Stats

  • This quiz has been taken 101 times
  • The average score is 17 of 26

Answer Stats

HintAnswer% Correct
AsiaChina
93%
EuropeBelarus
90%
AsiaNorth Korea
88%
AsiaKazakhstan
84%
North AmericaCuba
83%
AsiaIran
82%
AsiaIndia
79%
AsiaSyria
79%
AsiaIraq
78%
South AmericaVenezuela
78%
Europe and AsiaArmenia
77%
South AmericaBrazil
73%
EuropeSerbia
73%
AfricaEgypt
71%
AfricaLibya
67%
AsiaMongolia
67%
AsiaPakistan
65%
AfricaAlgeria
60%
AfricaSudan
60%
AsiaYemen
52%
AfricaSomalia
50%
North AmericaNicaragua
48%
Europe and AsiaCyprus
44%
AsiaIndonesia
43%
AfricaAngola
39%
AfricaDjibouti
16%

Score Distribution

Percentile by Number Answered

Percent of People with Each Score

Your Score History

You have not taken this quiz